La importación de servicios en el IVA. El prestatario: ¿sujeto pasivo o responsable sustituto? (Registro nro. 13561)

Detalles MARC
000 -LEADER
fixed length control field 00416 a2200121 4500
001 - CONTROL NUMBER
control field ART_17206
005 - DATE AND TIME OF LATEST TRANSACTION
control field 20260410161644.0
008 - FIXED-LENGTH DATA ELEMENTS--GENERAL INFORMATION
fixed length control field 260409a
100 1# - MAIN ENTRY--PERSONAL NAME
Personal name Moreno, Carolina
245 10 - TITLE STATEMENT
Title La importación de servicios en el IVA. El prestatario: ¿sujeto pasivo o responsable sustituto?
700 1# - ADDED ENTRY--PERSONAL NAME
Personal name Mazzaroni, Diego H.
773 0# - HOST ITEM ENTRY
Title Consultor tributario
Related parts - Año 7, Nº 75 (mayo 2013)
Record control number REV474

No hay ítems disponibles.